000 00325nam a2200109Ia 4500
005 20251222141757.0
008 251222s9999||||xx |||||||||||||| ||spa||
020 _a978-603-45160-4-5
082 _a338.985/O77/2008
245 0 _a"Diagnóstico situacional y ejes de desarrollo de Cajamarquilla, Jicamarca y Nieveria"
942 _cLIB
999 _c6022
_d6022